| 000 | 00539nam a2200193 i 4500 | ||
|---|---|---|---|
| 001 | 88792 | ||
| 003 | ES-MaACL | ||
| 005 | 20230906175932.0 | ||
| 007 | t| | ||
| 008 | 041213s1985 fr ||||1| fre d | ||
| 020 | _a2-02-008648-4 | ||
| 080 | _a167/168 | ||
| 100 | 1 |
_aMorin, Edgar. _983564 |
|
| 245 | 1 | 3 |
_aLa méthode. _n, . II, _pLa vie de la vie / _cEdgar Morin. |
| 260 |
_a[S.l.] : _bEditions du Seuil, _c[1985] |
||
| 300 |
_a260 p. ; _c18 cm. |
||
| 650 | 1 | 4 |
_aCiencias- _xMetodologĂa. _910978 |
| 852 |
_aES-MaACL _jE-10640 _bR.134748 |
||
| 999 |
_c88792 _d88792 |
||